000 00519nam a2200169 i 4500
001 40795
003 ES-MaACL
005 20250804063400.0
007 t|
008 030307s1960 sp ||||1| cat d
100 1 _aCapmany, Maria Aurèlia,
_d1918-1991
_934865
245 1 0 _aTu i l'hipòcrita
_b: comèdia predicada an dos actes /
_cMaria Aurèlia Capmany.
260 _aPalma de Mallorca :
_bMoll,
_c[1960]
300 _a111 p. ;
_c16 cm.
852 _aES-MaACL
_jC-18851
_bR.46804
999 _c40795
_d40795